[Event "AUTO-INT-3755"]
[Site "http://www.queenalice.com/game.php?id=1789763"]
[Date "2022.5.28"]
[Round "1"]
[White "SunKite"]
[Black "vasyl_puzanov"]
[Result "0-1"]
[WhiteElo "1482"]
[BlackElo "1785"]

1. e4 e5 2. Qf3 Nf6 3. g4 d5 4. c3 dxe4 5. Qg3 Nc6 6. a3 Bxg4 7. h3 Bh5 8. b4
Be7 9. Qxg7 Rg8 10. Qh6 Qd7 11. Qe3 Qf5 12. Bg2 Rxg2 13. d3 exd3 14. Nd2 Nd5 15.
Qh6 Qxf2# 0-1

[Event "AUTO-INT-3755"]
[Site "http://www.queenalice.com/game.php?id=1789778"]
[Date "2022.5.28"]
[Round "1"]
[White "kamikaze"]
[Black "SunKite"]
[Result "1-0"]
[WhiteElo "1660"]
[BlackElo "1485"]

1. d4 d5 2. c4 dxc4 3. Nc3 c6 4. e4 f6 5. Nf3 g5 6. Bxc4 b5 7. Be2 g4 8. Nh4 h5
9. g3 b4 10. Nb1 a5 11. b3 e6 12. Ng6 Rh7 13. Nxf8 Kxf8 14. Be3 Qe7 15. Nd2 e5
16. O-O f5 17. exf5 Bxf5 18. Re1 Nd7 19. Rc1 Nb8 20. Bc4 Qd7 21. Nf1 Nf6 22. Nd2
Ne4 23. Nxe4 Bxe4 24. Bd3 Qd5 25. Bxe4 Qxe4 26. Bh6+ Kg8 27. Rxe4 Rxh6 28. dxe5
Re6 29. Qd2 Ra7 30. Qd8+ Kf7 31. Rf4+ Kg7 32. Qf8+ Kh7 33. Rf7+ Kg6 34. Qg7# 1-0

[Event "AUTO-INT-3755"]
[Site "http://www.queenalice.com/game.php?id=1789779"]
[Date "2022.5.28"]
[Round "1"]
[White "SunKite"]
[Black "kamikaze"]
[Result "0-1"]
[WhiteElo "1478"]
[BlackElo "1641"]

1. e4 e5 2. Qf3 Nf6 3. g4 h6 4. h3 a6 5. Nc3 c5 6. Nd5 Be7 7. Bc4 d6 8. b4 b5 9.
Be2 c4 10. a4 Bb7 11. axb5 axb5 12. Ra5 Nc6 13. Rxb5 Nd4 14. Qe3 Nxb5 15. Bxc4
Nd4 16. Qd3 Ra1 17. Kd1 Bxd5 18. exd5 Qa8 19. c3 Qa4+ 20. Ke1 Rxc1# 0-1

[Event "AUTO-INT-3755"]
[Site "http://www.queenalice.com/game.php?id=1789788"]
[Date "2022.5.28"]
[Round "1"]
[White "NickThorp"]
[Black "SunKite"]
[Result "1-0"]
[WhiteElo "1765"]
[BlackElo "1494"]

1. e4 e5 2. Nf3 Qf6 3. Nc3 c6 4. d3 h6 5. Be2 a6 6. O-O g5 7. h3 g4 8. hxg4 b5
9. Be3 h5 10. g5 Qg7 11. Nh4 Be7 12. Nf5 Qg6 13. Nxe7 Nxe7 14. g3 h4 15. gxh4
Rxh4 16. f4 f6 17. Kf2 fxg5 18. fxg5 Rh2+ 19. Ke1 Qh7 20. Kd2 b4 21. Na4 Bb7 22.
Nc5 Bc8 23. a3 d6 24. Ne6 Bxe6 25. Rf6 1-0

[Event "AUTO-INT-3755"]
[Site "http://www.queenalice.com/game.php?id=1789789"]
[Date "2022.5.28"]
[Round "1"]
[White "SunKite"]
[Black "NickThorp"]
[Result "0-1"]
[WhiteElo "1500"]
[BlackElo "1759"]

1. e4 e5 2. Qf3 Nc6 3. c3 Nf6 4. h3 d6 5. b4 Be6 6. g4 h6 7. b5 Na5 8. d3 Qd7 9.
a4 Nb3 10. Ra3 Nxc1 11. Kd2 Nxd3 12. Bxd3 Be7 13. c4 c6 14. Nc3 cxb5 15. axb5 b6
16. Qd1 O-O 17. f3 Qc7 18. Nge2 Bxc4 19. Bc2 Bxe2 20. Qxe2 Qc5 21. Rb1 d5 22.
Rab3 d4 23. Na4 Qc7 24. Rc1 Bc5 25. Bd3 Rfe8 0-1

[Event "AUTO-INT-3732"]
[Site "http://www.queenalice.com/game.php?id=1791810"]
[Date "2022.7.1"]
[Round "2"]
[White "SamuraiJOM"]
[Black "SunKite"]
[Result "1-0"]
[WhiteElo "1758"]
[BlackElo "1487"]

1. e4 e5 2. Nf3 Qf6 3. Nc3 c6 4. d3 h6 5. Be3 a6 6. d4 g5 7. d5 cxd5 8. Nxd5 Qc6
9. Nxe5 Qd6 10. Nb6 Qxe5 11. Nxc8 Nc6 12. Nb6 Rb8 13. g3 Qxe4 14. Qxd7# 1-0

[Event "AUTO-INT-3732"]
[Site "http://www.queenalice.com/game.php?id=1791811"]
[Date "2022.7.1"]
[Round "2"]
[White "SunKite"]
[Black "SamuraiJOM"]
[Result "0-1"]
[WhiteElo "1489"]
[BlackElo "1799"]

1. e4 e5 2. Qf3 Nf6 3. h3 Bc5 4. c3 d6 5. b4 Bb6 6. g4 d5 7. exd5 Nbd7 8. g5 Ng8
9. h4 h5 10. a4 a5 11. b5 Qe7 12. Ba3 Bc5 13. Be2 Bxa3 14. Nxa3 e4 15. Qf4 g6
16. Rh3 Ne5 17. O-O-O Qxa3+ 18. Kb1 Qb3+ 19. Kc1 Qxd5 20. d4 Bxh3 21. dxe5 Qe6
22. Qxe4 Qc8 0-1

[Event "AUTO-INT-3796"]
[Site "http://www.queenalice.com/game.php?id=1804289"]
[Date "2023.1.18"]
[Round "1"]
[White "Piondanslevent"]
[Black "SunKite"]
[Result "1-0"]
[WhiteElo "1563"]
[BlackElo "1432"]

1. d4 d5 2. b3 Qd6 3. Nf3 f6 4. e3 h6 5. a4 a6 6. c4 dxc4 7. Bxc4 g5 8. e4 g4 9.
Nh4 e6 10. O-O c5 11. d5 exd5 12. Bxd5 Ne7 13. Bc4 Qc6 14. Qc2 Rg8 15. Bb2 Nd7
16. Bxg8 Nxg8 17. Re1 Ne7 18. Nf5 Ng6 19. Qd2 Kf7 20. Nxh6+ Bxh6 21. Qxh6 Ndf8
22. Nc3 Be6 23. Qe3 1-0

[Event "AUTO-INT-3796"]
[Site "http://www.queenalice.com/game.php?id=1804290"]
[Date "2023.1.18"]
[Round "1"]
[White "SunKite"]
[Black "Piondanslevent"]
[Result "0-1"]
[WhiteElo "1444"]
[BlackElo "1551"]

1. e4 c5 2. Bc4 e6 3. Qf3 a6 4. e5 d6 5. exd6 Bxd6 6. g3 Nc6 7. c3 Ne5 8. Qe2 b5
9. Bd3 Qc7 10. Be4 Bb7 11. f4 Nc6 12. c4 Nd4 13. Qd3 Bxe4 14. Qc3 b4 15. Qe3
Nc2+ 16. Ke2 Nxe3 17. Nf3 Nc2 18. Rf1 Nxa1 19. d3 Bg6 20. Nbd2 Nc2 21. b3 Ne7
22. Kd1 Bxd3 0-1

[Event "AUTO-INT-3796"]
[Site "http://www.queenalice.com/game.php?id=1804303"]
[Date "2023.1.18"]
[Round "1"]
[White "Jomaley"]
[Black "SunKite"]
[Result "1-0"]
[WhiteElo "1445"]
[BlackElo "1401"]

1. e4 e5 2. Nf3 Qf6 3. Bc4 a6 4. Bxf7+ Kxf7 5. d3 h6 6. c3 c5 7. c4 g5 8. h4 g4
9. Nfd2 h5 10. g3 d6 11. Nc3 Ne7 12. Nd5 Nxd5 13. cxd5 Ke8 14. Qa4+ b5 15. Qb3
Rh7 16. a4 b4 17. Nc4 Nd7 18. Bg5 Qf3 19. Rf1 Rf7 20. Nd2 Qg2 21. O-O-O Rxf2 22.
Rxf2 Qh3 23. Nf1 Qh1 24. Ne3 Qh3 25. Nf5 Bb7 26. Qc2 Kf7 27. Nxd6+ Kg8 28. Nxb7
Qxg3 29. Rdf1 Bg7 30. Rf7 Rb8 31. Rxd7 Re8 32. Nxc5 a5 33. Ne6 Rxe6 34. dxe6 Bf8
35. Rxf8+ Kxf8 36. Qc8# 1-0

[Event "AUTO-INT-3796"]
[Site "http://www.queenalice.com/game.php?id=1804304"]
[Date "2023.1.18"]
[Round "1"]
[White "SunKite"]
[Black "Jomaley"]
[Result "1-0"]
[WhiteElo "1387"]
[BlackElo "1390"]

1. e4 e5 2. Qf3 Nh6 3. h3 Bb4 4. a3 Bc5 5. b4 Bd4 6. g4 g5 7. c3 Bb6 8. h4 d6 9.
hxg5 Bxg4 10. Qd3 Qxg5 11. Nh3 Bxh3 12. Rxh3 Ng4 13. Qf3 Bxf2+ 14. Kd1 Bb6 15.
d4 Qg6 16. Rg3 h5 17. Ra2 h4 18. Rh3 Nd7 19. Rg2 Ndf6 20. Nd2 exd4 21. c4 O-O-O
22. Be2 c5 23. Qf5+ Kc7 24. Rxg4 Nxg4 25. Bxg4 a5 26. b5 Qxf5 27. Bxf5 Rh5 28.
Nf3 Re8 29. Nxh4 Rg8 30. Rh1 Rg3 31. Bd2 Rd3 32. e5 dxe5 33. Bxd3 Rh8 34. Be4
Rg8 35. Nf5 Rg4 36. Re1 Kb8 37. Nh6 f6 38. Bf5 Rh4 39. Ng4 Rh3 40. Nxf6 Rf3 41.
Rxe5 Bc7 42. Rxc5 Rxa3 43. Nd5 Ra1+ 44. Ke2 Ra2 45. Rxc7 a4 46. Kd3 a3 47. Rc8+
Ka7 48. b6+ Ka6 49. Ra8# 1-0

[Event "AUTO-INT-3864"]
[Site "http://www.queenalice.com/game.php?id=1830527"]
[Date "2024.1.30"]
[Round "1"]
[White "Piondanslevent"]
[Black "SunKite"]
[Result "1-0"]
[WhiteElo "1595"]
[BlackElo "1362"]

1. d4 e6 2. e4 Nf6 3. e5 Nd5 4. c4 Nb4 5. a3 N4c6 6. b4 a6 7. Nf3 h6 8. Bb2 b5
9. cxb5 axb5 10. Bxb5 d6 11. exd6 Bxd6 12. Bc4 Qf6 13. Qd2 e5 14. d5 Nd4 15.
Nxd4 exd4 16. Bxd4 Qg6 17. O-O Qh5 18. g3 Bh3 19. Re1+ Kf8 20. Be2 Qf5 21. Nc3
h5 22. Nb5 h4 23. Bd3 Qg4 24. Re3 Nd7 25. Rae1 f6 26. Qe2 Kg8 27. Nxd6 cxd6 28.
Qxg4 Bxg4 29. Re8+ Rxe8 30. Rxe8+ Nf8 31. b5 Kf7 32. Rd8 g6 33. b6 Ke7 34. Ra8
Rh5 35. b7 Nd7 36. Bb5 Nb6 37. Bxb6 Rxd5 38. Bd8+ Ke6 39. b8=Q hxg3 40. Qc8+ 1-0

[Event "AUTO-INT-3864"]
[Site "http://www.queenalice.com/game.php?id=1830528"]
[Date "2024.1.30"]
[Round "1"]
[White "SunKite"]
[Black "Piondanslevent"]
[Result "0-1"]
[WhiteElo "1398"]
[BlackElo "1615"]

1. e4 d6 2. Qf3 e5 3. c4 Nc6 4. Ne2 Nf6 5. h3 Be6 6. b3 a6 7. g4 Be7 8. a3 Qd7
9. Bb2 O-O 10. Nbc3 b6 11. Nd5 b5 12. d3 bxc4 13. dxc4 a5 14. a4 Rfb8 15. g5 Ne8
16. h4 Rb7 17. Ra3 Nb4 18. Kd1 Nxd5 19. exd5 Bg4 20. Qe4 Rab8 21. Kc2 Bf5 22.
Ng3 Bxe4+ 23. Nxe4 Qf5 24. Bd3 Qf3 25. Rh2 Qf4 26. Rh1 f6 27. Bc1 Qf3 28. Re1 f5
29. Be2 Qxe4+ 30. Bd3 Qxe1 31. f3 Qf2+ 32. Kb1 Rxb3+ 33. Rxb3 Rxb3+ 0-1

[Event "AUTO-INT-3864"]
[Site "http://www.queenalice.com/game.php?id=1830545"]
[Date "2024.1.30"]
[Round "1"]
[White "SunKite"]
[Black "tche_elvio"]
[Result "0-1"]
[WhiteElo "1376"]
[BlackElo "1421"]

1. e4 c5 2. Bc4 e6 3. Qf3 Qf6 4. a3 Qxf3 5. Nxf3 d6 6. e5 Bd7 7. Nc3 d5 8. Bb5
a6 9. Be2 Be7 10. d3 h6 11. Rb1 b5 12. b3 d4 13. Ne4 Nc6 14. b4 cxb4 15. Rb3 Bd8
16. Nc5 Na5 17. Rb1 Ne7 18. Nxd4 bxa3 19. Bxa3 Bc6 20. f3 O-O 21. g4 g5 22. h3
Ng6 23. Bc1 Nxe5 24. Ba3 Be7 25. c3 Bxc5 26. Bxc5 Nxd3+ 27. Bxd3 Bxf3 28. Nxf3
Rfe8 29. Rb4 Nc4 30. Rb1 f5 31. O-O fxg4 32. hxg4 Na5 33. Ne5 Nc4 34. Rf6 Nxe5
35. Be2 Kg7 36. Rf2 Nxg4 0-1

[Event "AUTO-INT-3864"]
[Site "http://www.queenalice.com/game.php?id=1830546"]
[Date "2024.1.30"]
[Round "1"]
[White "tche_elvio"]
[Black "SunKite"]
[Result "1-0"]
[WhiteElo "1406"]
[BlackElo "1391"]

1. e4 e5 2. Nf3 Qf6 3. a3 h6 4. Be2 g5 5. h3 a6 6. O-O d6 7. d3 b5 8. b4 g4 9.
Nh2 gxh3 10. Ng4 Qe6 11. Bxh6 Bxh6 12. Nxh6 Rxh6 13. g3 h2+ 14. Kh1 Qf6 15. c4
Qg5 16. Nc3 c6 17. cxb5 axb5 18. d4 f6 19. dxe5 fxe5 20. a4 bxa4 21. Rxa4 Rxa4
22. Nxa4 Ke7 23. Nb6 Bd7 24. Nxd7 Nxd7 25. Bf3 Ndf6 26. Qe1 Ng4 27. Bxg4 Qxg4
28. Qe3 Rf6 29. Qa7+ Ke6 30. Qa2+ d5 31. exd5+ cxd5 32. Qa6+ Kf5 33. Qc8+ Re6
34. b5 Ne7 35. Qf8+ Ke4 36. Re1+ 1-0

[Event "Challenge"]
[Site "http://www.queenalice.com/game.php?id=1841291"]
[Date "2024.8.1"]
[Round "-"]
[White "SunKite"]
[Black "dejami"]
[Result "0-1"]
[WhiteElo "1355"]
[BlackElo "1698"]

1. e4 e5 2. Qf3 Nc6 3. c3 Nf6 4. h3 a6 5. Bc4 b5 6. Be2 d6 7. a3 Na5 8. Ra2 Nb3
9. Bd1 Nxc1 10. b4 Nxa2 11. Bb3 Nxc3 12. Nxc3 Be6 13. Nd5 Nd7 14. g4 c6 15. Nc3
Bxb3 16. Nb1 Nb6 17. Qxb3 a5 18. h4 a4 19. Qc3 Rc8 20. Ne2 Nd7 21. Qf3 Nb6 22.
d3 Be7 23. g5 O-O 24. Rg1 f6 25. gxf6 Rxf6 26. Qg3 Rg6 27. Qh3 Rxg1+ 28. Nxg1
Bxh4 29. Nf3 Bf6 30. Nbd2 Qf8 31. Ke2 Re8 32. Nf1 Nc8 33. Ne3 Qf7 34. Nf5 Qa2+
35. Nd2 Qxa3 36. Qg3 Kf7 37. Qh3 h6 38. f3 Bg5 39. Qf1 Qxb4 40. Qh1 Qxd2+ 0-1